Detalles MARC
| 000 -LIDER |
| fixed length control field |
02664nam a22003137a 4500 |
| 003 - IDENTIFICACDOR DE NÚMERO DE CONTROL |
| control field |
DO-SdBNP |
| 005 - DATE AND TIME OF LATEST TRANSACTION |
| control field |
20210914125807.0 |
| 008 - ELEMENTOS DE LONGITUD FIJA |
| fixed length control field |
210805b 2020 dr a b 00| 0 eng d |
| 020 ## - ISBN |
| International Standard Book Number |
9789945613674 |
| 040 ## - FUENTE DE CATALOGACIÓN |
| Agencia que crea de manera original el registro |
DO-SdBNP |
| Idioma de catalogación |
spa |
| Agencia que realiza la transcripción |
BPMSU |
| 082 ## - NÚMERO DE CLASIFICACIÓN DECIMAL DE DEWEY |
| Classification number |
972.9304 |
| Item number |
M976r 2020 |
| Edition number |
22 |
| 100 1# - ASIENTO PRINCIPAL -- NOMBRE PERSONAL |
| Nombre personal |
Murgueitio Manrique, Carlos Alberto |
| Fechas asociadas con el nombre |
|
| 245 10 - MENCIÓN DE TITULO |
| Título |
La revolución francesa en La Española : |
| Subtítulo |
Saint Domingue-Santo Domingo : (1789-1795) / |
| Mención de responsabilidad |
Carlos Alberto Murgueitio Manrique. |
| 260 ## - PUBLICACIÓN, DISTRIBUCIÓN, ETC. (PIE DE IMPRENTA) |
| Lugar de publicación, distribución, etc |
Santo Domingo : |
| Nombre del editor, distribuidor, etc. |
Archivo General de la Nación, |
| Fecha de publicación, distribución, etc |
2020. |
| 300 ## - DESCRIPCIÓN FÍSICA |
| Extensión |
742 p. : |
| Otros detalles físicos |
il., mapas ; |
| Dimensiones |
23 cm. |
| 490 0# - MENCIÓN DE SERIES |
| Mención de serie |
Archivo General de la Nación, |
| Volume/sequential designation |
400 |
| 500 ## - NOTA GENERAL |
| Nota general |
Incluye referencias bibliográficas y notas al pie de las páginas |
| 500 ## - NOTA GENERAL |
| Nota general |
Incluye datos biográficos del autor en las solapas |
| 504 ## - NOTA DE BIBLIOGRAFÍA, ETC. |
| Bibliography, etc |
Bibliografía : p. 717-733 |
| 505 0# - NOTA DE CONTENIDO |
| Texto normalizado de contenido |
Prólogo, 11.-- Capítulo 1. Saint Domingue, la joya del Caribe, 53.-- Las luces en la agricultura, 68.-- Territorio y población, 79.-- Las defensas, 102.-- Los esclavos, 119.-- La sociéte dominguoise, 129.-- Conclusiones, 143.-- Capítulo 2. La Revolución Francesa en Saint Domingue, 147.-- Evangelios de libertad, 162.-- El vacío de poder, 179.-- La guerra civil, 197.-- Los precursores de la igualdad, 209.-- La caída de l`ancien régime, 233.-- Conclusiones, 242.-- Capítulo 3. Guerra en La Española, 247.-- La gran insurrección, 265.-- La reacción española, 290.-- Un nuevo San Bartolomé, 310.-- Francia intenta retomar el control, 325.-- Los negros del rey, 348.-- Conclusiones, 366.-- Capítulo 4. La revolución bajo asedio, 371.-- España queda neutra, 387.-- «La Vendée» Noire, 405.-- La gens de couleur o los ciudadanos del 4 de abril, 420.-- La individualidad de la república francesa, 440.-- La dictadura en los trópicos y la reconquista del Norte, 460.-- España rechaza la Convención Nacional, 485.-- Conclusiones, 505.-- Capítulo 5. España contra Francia, 509.-- España entra en guerra, 529.-- La emancipación general de los esclavos, 550.-- El juego de las lealtades, 581.-- La reconquista española, 607.-- Los últimos bastiones de la república, 628.-- La suerte de España se invierte, 650.-- Conclusiones, 672.-- Epílogo. La Española vuelta francesa, 677.-- Bibliografía, 717.-- Anexos, 735. |
| 590 ## - NOTA LOCAL |
| Texto de la nota local |
Inventariado, 2021 /VM<br/> |
| 650 ## - ENCABEZAMIENTO DE MATERIA--TEMÁTICO |
| Término temático o nombre geográfico como elemento de entrada |
|
| 651 #4 - ENCABEZAMIENTO DE MATERIA--NOMBRE GEOGRÁFICO |
| Nombre geográfico |
República Dominicana |
| Subdivisión cronológica |
Gobierno colonial francés 1789-1795 |
| Subdivisión temática general |
Historia |
| 651 #4 - ENCABEZAMIENTO DE MATERIA--NOMBRE GEOGRÁFICO |
| Nombre geográfico |
Francia |
| Subdivisión temática general |
Historia |
| Subdivisión cronológica |
Revolución, 1789-1795 |
| 710 2# - ASIENTO SECUNDARIO -- NOMBRE CORPORATIVO |
| Nombre corporativo o de jurisdicción |
Archivo General de la Nación (República Dominicana) |
| 830 ## - ASIENTO SECUNDARIO DE SERIE--TÍTULO UNIFORME |
| Título uniforme |
Archivo General de la Nación ; |
| Número de la parte o sección de una obra |
400 |
| 910 ## - VALIDACIÓN |
| Validación |
VMateo V. |
| 942 ## - ADDED ENTRY ELEMENTS (KOHA) |
| Source of classification or shelving scheme |
Dewey Decimal Classification |
| Koha item type |
Libros |